| 000 | 00595nam a2200181 a 4500 | ||
|---|---|---|---|
| 005 | 20171127150114.0 | ||
| 008 | 140311b2002 enkado||r|||| 00| 0 eng d | ||
| 040 |
_aCO-BoIAVH _cCO-BoIAVH |
||
| 041 | _aeng | ||
| 044 | _aenk | ||
| 082 |
_a599.781788 _bB36w |
||
| 100 |
_aBhiksu, Wu Hung _920219 |
||
| 245 |
_aBear bile business _bGlobal trade in bear products from China to Asia and beyond |
||
| 260 |
_aLondon _bWSPA _c2002 |
||
| 300 |
_a248 páginas. _bilustraciones, gráficas y fotografías. _c30 x 21 cm. |
||
| 700 |
_aPhillips, Tim, Wilson, Philip. _e editores. _987381 |
||
| 942 |
_cLIBRO _2ddc |
||
| 999 |
_c3490 _d3490 |
||